| 000 | 003830000a22001570004500 | ||
|---|---|---|---|
| 001 | 004689 | ||
| 003 | MACL | ||
| 040 | _aMACL | ||
| 090 |
_c16682 _d16681 |
||
| 100 | _aChatterjee, Margaret | ||
| 245 |
_aLifeworlds PhilosophyAnd India Today _cMargaret Chatterjee |
||
| 260 |
_aIndian Institute Of Advanced Study, _c2005 |
||
| 350 | _a150 | ||
| 650 | _aPhilosophy | ||
| 942 |
_k100 _cBook |
||
| 999 |
_c16576 _d16576 |
||